Manual de Direito Processual do Trabalho 8a Ediȯ̂ 2015

Bibliographic Details
Main Author: Schiavi, Mauro
Format: eBook
Language:Portuguese
Published: San Pablo: LTR Editora, 2015
Subjects:
Online Access:Acceso restringido

MARC

LEADER 00000nam a22000007a 4500
005 20150519000339.0
007 cr|||| ||||
008 150519s2015 br |||||s|||| 00||0 por d
020 |a 978-85-361-8292-6 
035 |a 12704 
040 |a vLex 
090 |c 5443  |d 5443 
100 1 |a Schiavi, Mauro 
245 1 0 |a Manual de Direito Processual do Trabalho  |h [Recurso electrn̤ico] /  |c Mauro Schiavi  |n 8a Ediȯ̂ 2015 
256 |a Servicio en ln̕ea 
260 |a San Pablo:  |b LTR Editora,  |c 2015 
300 |a 1 recurso electrn̤ico 
500 |a Este livro, escrito de forma didt̀ica, sem descuidar da tčnica que exige a cin̊cia processual, apresenta estudo crt̕ico do processo do trabalho ̉luz das doutrinas cls̀sica e moderna, de todos os seus institutos e singularidades, bem como dos institutos do Cd̤igo de Processo Civil que sô aplicv̀eis ao Direito Processual do Trabalho. A obra foi estruturada em 22 capt̕ulos, de acordo com o sistema do Direito Processual Civil, e, posteriormente, com o sistema processual da Consolidaȯ̂ das Leis do Trabalho, abordando desde os institutos fundamentais do processo do trabalho at ̌as aė̳s especiais de natureza civil aplicv̀eis na Justiȧ do Trabalho. Destaca as caracters̕ticas e singularidades do Direito Processual do Trabalho, como sendo um processo mais simples, que se desenrola preponderantemente na audin̊cia, diante da presenȧ das partes. As grandes transformaė̳s do Direito do Trabalho e os novos rumos da Justiȧ do Trabalho impulsionados pela Emenda Constitucional n. 45/04 exigem que a Justiȧ do Trabalho tenha um processo mais g̀il, visando a  dar efetividade ao Direito do Trabalho e garantir o acesso real e positivo do trabalhador ̉Justiȧ. Diante das profundas reformas que vem sofrendo o Processo Civil em busca da celeridade e efetividade processual, principalmente na execuȯ̂, sô relevantes e contundentes os impactos das alteraė̳s da legislaȯ̂ processual civil no processo do trabalho, considerando a aplicaȯ̂ subsidir̀ia permitida pelos arts. 769 e 889 da CLT. Por isso, foram estudadas todas as recentes alteraė̳s do Cd̤igo de Processo Civil e sua aplicabilidade no Processo do Trabalho, principalmente os grandes impactos na execuȯ̂ trabalhista (Leis n. 11.232/05 e n. 11.382/06), recursos (Leis n. 11.276/06 e n. 11.277/06), e das tutelas de urgn̊cia (Lei n. 11.280/06). Escrito de acordo com os programas de Direito Processual do Trabalho e de Direito Processual Civil dos principais Editais de Concursos da Magistratura e Ministřio Pb︢lico do Trabalho, bem como dos programas do exame da OAB e faculdades de graduaȯ̂ e ps̤-graduaȯ̂, destina-se este livro ao estudante que tem o primeiro contato com a matřia, ao profissional do direito que busca soluė̳s rp̀idas para os problemas do cotidiano forense,  ao candidato que se prepara para enfrentar os concursos pb︢licos na r̀ea trabalhista e ao estudante de ps̤-graduaȯ̂ que necessita de uma reflexô maior sobre os institutos que compe̳m o Processo do Trabalho. 
506 1 |a Disponible solo en los productos indicados  |d vLex Global  |d vLex Global (Academic Edition, excluding Law Schools)  |d vLex Global (U.S. Academic Edition, Law Schools)  |d vLex Global (U.S. Academic Edition, excluding Law Schools)  |d vLex Global (Academic Edition, Law Schools) 
650 0 4 |a Procedimiento Laboral  |z Brasil 
740 0 |a vLex Libros (Servicio en ln̕ea) 
856 4 0 |u http://vlex.com/source/manual-de-direito-processual-do-trabalho-8a-edi-o-2015-12704  |z Acceso restringido 
942 |c BOOK 
999 0 |a Labour Procedure